Loading...

Jan geetha

Bibliographic Details
Main Author: Bachan
Format: Printed Book
Published: New Delh, Rajpal and Sons 1971
Subjects:
LEADER 004730000a22001690004500
022 |a 25-06-2004 
041 |a Hindi 
082 |a 891.431 BAC/J L1 
100 |a Bachan 
245 |a Jan geetha 
260 |a New Delh, Rajpal and Sons 
260 |c 1971 
650 |a Hindi literature 
650 |a Poetry 
942 |c BK 
999 |c 145672  |d 145668 
952 |0 0  |1 0  |4 0  |6 891_431000000000000_BAC_J_L1  |7 0  |9 144445  |a SCC  |b SCC  |d 2017-10-11  |l 0  |o 891.431 BAC/J L1  |p SCC01485  |r 2017-10-11  |w 2017-10-11  |y BK